000
00320nam a22001217a 4500
003
OSt
008
250127b |||||||| |||| 00| 0 eng d
041
_a
eng
100
_a
ISI
_9
7009
245
_a
Specifiation for Plate Type Seed Meetering Mechanism IS:6817
260
_b
Indian Standard Institutions,
_c
1973.
942
_c
BK
999
_c
19142
_d
19142